Macbeth: invitation to Shakespeare

I tiakina i:
Ngā taipitopito rārangi puna kōrero
Kaituhi matua: Fuller, Edmund (Author)
Hōputu: Pukapuka
Reo:Ingarihi
I whakaputaina: Nueva York Dell Publishing Company 1967
Putanga:1a. ed
Ngā marau:
Ngā Tūtohu: Tāpirihia he Tūtohu
Kāore He Tūtohu, Me noho koe te mea tuatahi ki te tūtohu i tēnei pūkete!

MARC

LEADER 00000nam a2200000 a 4500
001 UCG4946
003 CL-VaPUC
008 101216e19670200US |||||||||||||||||eng|d
082 0 4 |a 822  |b FUL  |2 21 
100 0 |a Fuller, Edmund  |e author  |9 554440 
245 1 0 |a Macbeth: invitation to Shakespeare 
250 |a 1a. ed 
300 |a 255 p 
942 |c BK 
945 |d 20101216 00:00:00  |a dcastane 
260 |a Nueva York  |b Dell Publishing Company  |c 1967 
650 0 |a Literatura inglesa  |9 312907 
650 0 |a Dramas ingleses  |9 269396 
583 |a last modification  |c 20101216 00:00:00  |k Rodrigo Vera 
999 |c 343545  |d 343543 
952 |0 0  |1 0  |4 0  |6 822_000000000000000_FUL_1967  |7 0  |8 A  |9 440921  |a BIBEDU  |b BIBEDU  |d 2019-11-22  |i 4741056  |o 822 FUL 1967  |p 4741056  |r 2019-11-22  |w 2019-11-22  |y BK  |k LIT